Diccionario filológico-comparado de la lengua castellana / (Record no. 38158)

MARC details
000 -LEADER
campo de control de longitud fija 00717nam a2200205 i 4500
001 - NÚMERO DE CONTROL
campo de control 38158
003 - IDENTIFICADOR DE NÚMERO DE CONTROL
campo de control ES-MaACL
005 - FECHA Y HORA DE LA ÚLTIMA TRANSACCIÓN
campo de control 20240312170633.0
007 - CAMPO FIJO DE DESCRIPCIÓN FÍSICA--INFORMACIÓN GENERAL
campo de control de longitud fija t|
008 - DATOS DE LONGITUD FIJA--INFORMACIÓN GENERAL
campo de control de longitud fija 030224s1880 ag d |||| | spa d
100 1# - ENTRADA PRINCIPAL--NOMBRE DE PERSONA
Nombre de persona Calandrelli, Matias.
9 (RLIN) 33530
245 10 - MENCIÓN DEL TÍTULO
Título Diccionario filológico-comparado de la lengua castellana /
Mención de responsabilidad, etc. por Matias Calandrelli ; precedido de una introducción de Vicente López.
260 ## - PUBLICACIÓN, DISTRIBUCIÓN, ETC.
Lugar de publicación, distribución, etc. Buenos Aires :
Nombre del editor, distribuidor, etc. [s.n.],
Fecha de publicación, distribución, etc. 1880 (
Fabricante Imp. Obras Clásicas)
300 ## - DESCRIPCIÓN FÍSICA
Extensión 2 v. ;
Dimensiones 29 cm.
505 8# - NOTA DE CONTENIDO CON FORMATO
Nota de contenido con formato Contiene: v. 1 y v. 6
650 07 - PUNTO DE ACCESO ADICIONAL DE MATERIA--TÉRMINO DE MATERIA
Término de materia o nombre geográfico como elemento de entrada Lengua española-
Subdivisión general Etimología-
Subdivisión de forma Diccionarios
Fuente del encabezamiento o término
9 (RLIN) 162364
700 1# - ENTRADA AGREGADA--NOMBRE PERSONAL
Nombre de persona López, Vicente Fidel.
9 (RLIN) 73378
852 ## - LOCALIZACIÓN
Ubicación ES-MaACL
Número de control de estantería B-11261-62
Holdings
Estatus retirado Estado de pérdida Estado de daño No para préstamo Colección Biblioteca de origen Biblioteca actual Ubicación en estantería Fecha de adquisición Fuente de adquisición Total de préstamos Signatura topográfica completa Código de barras Visto por última vez Precio de reemplazo Tipo de ítem Koha
        Colección de referencia Biblioteca del Ateneo de Madrid Biblioteca del Ateneo de Madrid Sala Pardo Bazán 17/01/2008     B-11261-62 1040170 23/02/2023 23/02/2023 Libro impreso antiguo